000 00497nmm a2200169Ia 4500
008 251105s9999||||xx |||||||||||||||||und||
020 _a9788413405759
041 _aspa
100 _aSpider, Fred
245 0 _aLa gran historia y sus regímenes
264 _a[Madrid, España] :
_bPrensas Universitarias de Zaragoza,
_c2023
300 _a289 páginas
490 _aCiencias sociales
650 _aHistory (General)
856 _uhttps://public.digitaliapublishing.com/a/127835
942 _cCF
999 _c76413
_d76413